[Event "Mecklenburg VP-chC"]
[Site "Greifswald"]
[Date "2024.03.25"]
[Round "5"]
[White "Mykhailova, Yelyzaveta"]
[Black "Rex, Manuel"]
[Result "1/2-1/2"]
[WhiteElo "823"]
[BlackElo "1674"]
[PlyCount "94"]
[EventDate "2024.03.23"]
[EventType "swiss"]
[EventRounds "7"]
[EventCountry "GER"]
[SourceTitle "CB14_2024"]
[SourceDate "2024.04.01"]
[SourceVersion "1"]
[SourceVersionDate "2024.04.01"]
[SourceQuality "1"]

1. d4 Nf6 2. c4 e6 3. g3 d5 4. Bg2 Be7 5. Nc3 0-0 6. Nf3 dxc4 7. e4 Bd7 8. h3 Bc6 9. e5 Nd5 10. 0-0 Nd7 11. Re1 Rb8 12. Qc2 Nb4 13. Qe2 b5 14. Rd1 Nb6 15. b3 Nd3 16. Be3 Ba8 17. Nxb5 Nd5 18. bxc4 Nxe3 19. Qxe3 Nb4 20. Qe2 a6 21. Nc3 a5 22. a3 Na6 23. d5 Nc5 24. Nd4 Rb6 25. Rab1 Qc8 26. Rxb6 cxb6 27. d6 Bd8 28. Bxa8 Qxa8 29. Ncb5 Re8 30. f4 Qb7 31. Qf3 Qxf3 32. Nxf3 h6 33. h4 Kh7 34. Kg2 Rf8 35. Nfd4 Nd7 36. Nc6 Kg8 37. Kf3 Kh7 38. Nba7 g6 39. Nxd8 Rxd8 40. Nb5 Kg7 41. Rc1 Nc5 42. Nd4 Rc8 43. Rb1 Nd7 44. Rc1 Kf8 45. Nb5 Nc5 46. Na7 Rd8 47. Nb5 Nd7 1/2-1/2